[Event "Lahti LahS Weekend-A"]
[Site "Lahti"]
[Date "2019.08.17"]
[Round "1"]
[White "Aijala, Jouko"]
[Black "Paakkonen, Timo"]
[Result "0-1"]
[WhiteElo "2044"]
[BlackElo "2218"]
[PlyCount "64"]
[EventDate "2019.08.17"]
[EventType "swiss"]
[EventRounds "4"]
[EventCountry "FIN"]
[SourceTitle "CBM 192 Extra"]
[Source "Chessbase"]
[SourceDate "2019.11.06"]
[SourceVersion "1"]
[SourceVersionDate "2019.11.06"]
[SourceQuality "1"]

1. e4 c5 2. Nf3 Nc6 3. d4 cxd4 4. Nxd4 Nf6 5. Nc3 d6 6. Bg5 e6 7. Qd2 a6 8. 0-0-0 Bd7 9. f4 b5 10. Nxc6 Bxc6 11. e5 dxe5 12. Qxd8+ Rxd8 13. Rxd8+ Kxd8 14. fxe5 h6 15. Bxf6+ gxf6 16. exf6 Rg8 17. h4 Rg6 18. Bd3 Rxf6 19. Rf1 Be7 20. Rxf6 Bxf6 21. g3 Bxc3 22. bxc3 Bd5 23. Kb2 Kc7 24. a4 bxa4 25. Bxa6 Kb6 26. Be2 Kc5 27. g4 f6 28. Ka3 Bc6 29. c4 e5 30. c3 e4 31. Kb2 Bd7 32. Bd1 e3 0-1

[Event "Lahti We LahS A"]
[Site "Lahti"]
[Date "2018.08.19"]
[Round "3"]
[White "Tuominen, Joona"]
[Black "Aijala, Jouko"]
[Result "1-0"]
[WhiteElo "1930"]
[BlackElo "2076"]
[PlyCount "107"]
[EventDate "2018.08.18"]
[EventType "swiss"]
[EventRounds "4"]
[EventCountry "FIN"]
[SourceTitle "EXT 2022"]
[Source "ChessBase"]
[SourceDate "2021.10.06"]
[SourceVersion "1"]
[SourceVersionDate "2021.10.06"]
[SourceQuality "1"]

1. Nf3 d5 2. c4 d4 3. b4 f6 4. e3 dxe3 5. fxe3 Bg4 6. Be2 e5 7. c5 a5 8. bxa5 Bxc5 9. Qb3 Ne7 10. Nxe5 fxe5 11. Bxg4 Qd5 12. 0-0 Qxb3 13. axb3 Nbc6 14. Bb2 Rf8 15. Rxf8+ Kxf8 16. Be6 Bb4 17. Nc3 Rxa5 18. Rxa5 Bxa5 19. Kf2 Nb4 20. Ke2 c6 21. Ne4 Bc7 22. Nc5 Ned5 23. Nxb7 Ke7 24. Bg8 Nf6 25. Bc4 Nfd5 26. g3 g6 27. Ba3 Kf6 28. e4 Nc2 29. exd5 cxd5 30. Bxd5 Nxa3 31. Nc5 Nc2 32. Ne4+ Ke7 33. Kd3 Ne1+ 34. Kc4 Nf3 35. h4 h6 36. Kc5 g5 37. hxg5 Nxg5 38. Nc3 Bd6+ 39. Kc4 h5 40. Be4 Kd7 41. b4 Bb8 42. Kd5 Ba7 43. Ne2 Bf2 44. Kxe5 h4 45. gxh4 Bxh4 46. b5 Kc7 47. Bc6 Kb6 48. d4 Nf7+ 49. Ke6 Nd8+ 50. Kd7 Nf7 51. Nc3 Bg3 52. Nd5+ Ka7 53. b6+ Kb8 54. Nb4 1-0

[Event "FIN-chT1B 1718"]
[Site "Finland"]
[Date "2017.10.22"]
[Round "4.2"]
[White "Galchenko, Vadim"]
[Black "Aijala, Jouko"]
[Result "1-0"]
[WhiteElo "2069"]
[BlackElo "2086"]
[PlyCount "57"]
[EventDate "2017.09.16"]
[EventType "team-tourn"]
[EventRounds "7"]
[EventCountry "FIN"]
[SourceTitle "EXT 2020"]
[Source "ChessBase"]
[SourceDate "2019.10.17"]
[SourceVersion "1"]
[SourceVersionDate "2019.10.17"]
[SourceQuality "1"]
[WhiteTeam "Jyvaskyla JyS II"]
[BlackTeam "Lahti S"]
[WhiteTeamCountry "FIN"]
[BlackTeamCountry "FIN"]

1. e4 d5 2. exd5 Qxd5 3. Nc3 Qa5 4. d4 Nf6 5. Nf3 c6 6. Ne5 Bf5 7. Bc4 e6 8. g4 Be4 9. f3 Bd5 10. Qe2 Bb4 11. Bd2 Nbd7 12. 0-0-0 Nxe5 13. dxe5 Bxc4 14. Qxc4 Nd5 15. Ne4 Bxd2+ 16. Rxd2 0-0 17. Nd6 b5 18. Qb3 Rab8 19. h4 c5 20. Rxd5 exd5 21. Qxd5 c4 22. Kb1 Qc7 23. g5 Qd7 24. h5 Qe6 25. Qd4 f6 26. gxf6 gxf6 27. Qxa7 Kh8 28. h6 Qg8 29. Rg1 1-0

[Event "Hameenlinna We HamSK"]
[Site "Hameenlinna"]
[Date "2017.06.11"]
[Round "5"]
[White "Kauko, Pekka"]
[Black "Aijala, Jouko"]
[Result "0-1"]
[WhiteElo "1990"]
[BlackElo "2086"]
[PlyCount "88"]
[EventDate "2017.06.10"]
[EventType "swiss"]
[EventRounds "5"]
[EventCountry "FIN"]
[SourceTitle "EXT 2022"]
[Source "ChessBase"]
[SourceDate "2021.10.06"]
[SourceVersion "1"]
[SourceVersionDate "2021.10.06"]
[SourceQuality "1"]

1. Nf3 d5 2. d4 Nf6 3. g3 e6 4. Bg2 c5 5. e3 Nc6 6. 0-0 Be7 7. b3 cxd4 8. exd4 0-0 9. Bb2 Bd7 10. Nbd2 a5 11. Ne5 a4 12. a3 Qb6 13. Ndf3 Rfc8 14. b4 Be8 15. Rc1 Na7 16. c4 dxc4 17. Rxc4 Nd5 18. Qd2 Bb5 19. Rxc8+ Rxc8 20. Rc1 Rd8 21. Nc4 Qa6 22. Ne3 Nxe3 23. Qxe3 Bc6 24. Bf1 Qb6 25. Ne5 Bd5 26. Qf4 Bf6 27. Rc5 Nc6 28. b5 Bxe5 29. Qd2 Ne7 30. Bc3 Qd6 31. Bb4 Bf6 32. Qc3 Qb8 33. Qe3 Nf5 34. Qc1 Nxd4 35. Rxd5 exd5 36. Kg2 Rc8 37. Qd1 Qe5 38. Bd3 Nb3 39. Qg4 Re8 40. b6 Be7 41. Bxe7 Qxe7 42. Qf5 g6 43. Qxd5 Rd8 44. Qc4 Qd6 0-1

[Event "Hameenlinna We HamSK"]
[Site "Hameenlinna"]
[Date "2017.06.10"]
[Round "2"]
[White "Aijala, Jouko"]
[Black "Gronroos, Matti"]
[Result "0-1"]
[WhiteElo "2086"]
[BlackElo "1941"]
[PlyCount "60"]
[EventDate "2017.06.10"]
[EventType "swiss"]
[EventRounds "5"]
[EventCountry "FIN"]
[SourceTitle "EXT 2022"]
[Source "ChessBase"]
[SourceDate "2021.10.06"]
[SourceVersion "1"]
[SourceVersionDate "2021.10.06"]
[SourceQuality "1"]

1. e4 e5 2. Nf3 Nc6 3. d4 exd4 4. Nxd4 Nge7 5. Nc3 Nxd4 6. Qxd4 Nc6 7. Qd1 Bb4 8. Bd2 0-0 9. Bc4 d6 10. 0-0 Be6 11. Bd3 Qd7 12. Kh1 Rae8 13. a3 Ba5 14. b4 Bb6 15. Nd5 f5 16. Nxb6 axb6 17. exf5 Bxf5 18. Bc3 Ne5 19. Be2 Qc6 20. Qd4 Qe4 21. Qxe4 Bxe4 22. Rac1 Bd5 23. Kg1 Ng6 24. Bh5 Re6 25. Rfe1 Nf4 26. Rxe6 Bxe6 27. Re1 Bd5 28. Be8 Bc4 29. Re4 Ne2+ 30. Kf1 Ng3+ 0-1

[Event "Heart of Finland op 24th"]
[Site "Jyvaskyla"]
[Date "2014.07.11"]
[Round "7"]
[White "Luukkonen, Tommi"]
[Black "Aijala, Jouko"]
[Result "1-0"]
[WhiteElo "2358"]
[BlackElo "2100"]
[PlyCount "73"]
[EventDate "2014.07.07"]
[EventType "swiss"]
[EventRounds "9"]
[EventCountry "FIN"]
[SourceTitle "CBM 161 Extra"]
[Source "ChessBase"]
[SourceDate "2014.08.29"]
[SourceVersion "1"]
[SourceVersionDate "2014.08.29"]
[SourceQuality "1"]

1. c4 e5 2. g3 Nf6 3. Bg2 c6 4. d4 exd4 5. Qxd4 d5 6. Nf3 Be7 7. 0-0 0-0 8. cxd5 cxd5 9. Nc3 Nc6 10. Qa4 Bf5 11. Rd1 Qd6 12. Nd4 Bd7 13. Ndb5 Qe5 14. Qf4 Qh5 15. Qg5 Qg4 16. h3 Qb4 17. Qf4 Qa5 18. Qc7 Qa6 19. Bg5 Rac8 20. Qf4 Be6 21. Nc7 Qb6 22. Bxf6 Rxc7 23. Bxe7 Nxe7 24. Na4 Ng6 25. Qd2 Qa6 26. Nc3 Rd8 27. Qe3 Rcd7 28. Rd4 Ne7 29. Ra4 d4 30. Rxa6 dxe3 31. Rxa7 exf2+ 32. Kxf2 g6 33. Ne4 Rc7 34. b4 Nc6 35. Rc1 Re7 36. Rxc6 Rc7 37. Rc1 1-0

[Event "Helsinki We Garde 3rd Group A"]
[Site "Helsinki"]
[Date "2014.03.02"]
[Round "5"]
[White "Aijala, Jouko"]
[Black "Tumanov, Dmitri"]
[Result "1/2-1/2"]
[WhiteElo "2088"]
[BlackElo "1961"]
[PlyCount "146"]
[EventDate "2014.02.28"]
[EventType "swiss"]
[EventRounds "5"]
[EventCountry "FIN"]
[SourceTitle "EXT 2022"]
[Source "ChessBase"]
[SourceDate "2021.10.06"]
[SourceVersion "1"]
[SourceVersionDate "2021.10.06"]
[SourceQuality "1"]

1. e4 e6 2. d4 d5 3. Nd2 Nf6 4. e5 Ne4 5. Ngf3 c5 6. c3 Nc6 7. Bd3 f5 8. exf6 Nxf6 9. dxc5 Bxc5 10. Nb3 Bd6 11. Bg5 e5 12. Be2 Be6 13. Nfd2 0-0 14. c4 d4 15. 0-0 Bf5 16. Bf3 Qd7 17. Re1 Rae8 18. c5 Bb8 19. Ne4 Nxe4 20. Rxe4 Bxe4 21. Bxe4 Qf7 22. f3 Qh5 23. Bd2 Bc7 24. Nc1 Bd8 25. Ne2 Kh8 26. b4 Bg5 27. Ng3 Qh6 28. Be1 Be3+ 29. Kh1 Bf4 30. Nf1 Qe6 31. Qc2 Rf6 32. b5 Nd8 33. g3 Bh6 34. Kg2 g5 35. h3 Re7 36. g4 Rc7 37. Ng3 Bf8 38. Bf5 Qf7 39. Ne4 Rxf5 40. gxf5 Qxf5 41. Qd3 Ne6 42. Bd2 Qg6 43. Rc1 Nxc5 44. Nxc5 Rxc5 45. Qa3 b6 46. Re1 Kg7 47. Qxa7+ Kg8 48. Qd7 Rc2 49. Re2 d3 50. Qd5+ Qf7 51. Qxd3 Qxa2 52. Kg3 Qc4 53. Qxc4+ Rxc4 54. Bxg5 Rb4 55. Bf6 Rxb5 56. Kg4 Bg7 57. Bxg7 Kxg7 58. Rc2 Rc5 59. Rd2 b5 60. Rd7+ Kg6 61. Rd6+ Kf7 62. Rd7+ Kf6 63. Rxh7 Rc4+ 64. Kg3 b4 65. Rb7 Kg5 66. h4+ Kf5 67. h5 Kg5 68. Rb5 Kxh5 69. Rxe5+ Kg6 70. Rb5 Kf6 71. Kf2 Ke6 72. Ke3 Kd6 73. Kd3 Rc3+ 1/2-1/2

[Event "Helsinki We Garde 3rd Group A"]
[Site "Helsinki"]
[Date "2014.03.01"]
[Round "2"]
[White "Maki Uuro, Miika"]
[Black "Aijala, Jouko"]
[Result "1-0"]
[WhiteElo "2346"]
[BlackElo "2088"]
[PlyCount "113"]
[EventDate "2014.02.28"]
[EventType "swiss"]
[EventRounds "5"]
[EventCountry "FIN"]
[SourceTitle "EXT 2022"]
[Source "ChessBase"]
[SourceDate "2021.10.06"]
[SourceVersion "1"]
[SourceVersionDate "2021.10.06"]
[SourceQuality "1"]

1. d4 d5 2. c4 e6 3. Nf3 c5 4. cxd5 exd5 5. Nc3 Nc6 6. dxc5 d4 7. Na4 Bxc5 8. Nxc5 Qa5+ 9. Qd2 Qxc5 10. a3 Bg4 11. b4 Qd5 12. Bb2 Bxf3 13. gxf3 Nge7 14. Rg1 Ng6 15. Rg5 Qe6 16. f4 f6 17. Rc5 Qd6 18. Bg2 Nxf4 19. Bxc6+ bxc6 20. Qxd4 Qxd4 21. Bxd4 Ne6 22. Rc4 a5 23. Bc3 axb4 24. Bxb4 Ra6 25. Rd1 Kf7 26. Rd7+ Kg6 27. Rd6 Re8 28. e3 h5 29. Rcxc6 Rxc6 30. Rxc6 Nd4 31. Rc4 Nf3+ 32. Ke2 Ne5 33. Rc7 Ra8 34. f4 Ng4 35. h3 Nh6 36. e4 Re8 37. Kf3 Rd8 38. Ke3 Re8 39. Kf3 Rd8 40. f5+ Kh7 41. Be7 Rd3+ 42. Ke2 Rxh3 43. Bxf6 Ng4 44. Rxg7+ Kh6 45. Rg6+ Kh7 46. Bd4 Rxa3 47. Rg7+ Kh6 48. Rg6+ Kh7 49. Rg7+ Kh6 50. f6 Ra8 51. Be3+ Nxe3 52. Kxe3 Re8 53. Kf4 h4 54. e5 Ra8 55. Kf5 Ra1 56. Rg8 Rf1+ 57. Ke4 1-0

[Event "FIN-chT1 East 1314"]
[Site "Finland"]
[Date "2014.02.08"]
[Round "6.5"]
[White "Mustonen, Ilkka"]
[Black "Aijala, Jouko"]
[Result "1-0"]
[WhiteElo "2068"]
[BlackElo "2102"]
[PlyCount "75"]
[EventDate "2013.09.21"]
[EventType "team-tourn"]
[EventRounds "9"]
[EventCountry "FIN"]
[SourceTitle "EXT 2022"]
[Source "ChessBase"]
[SourceDate "2021.10.06"]
[SourceVersion "1"]
[SourceVersionDate "2021.10.06"]
[SourceQuality "1"]
[WhiteTeam "Helsinki HSK II"]
[BlackTeam "Lahti S"]
[WhiteTeamCountry "FIN"]
[BlackTeamCountry "FIN"]

1. e4 c5 2. Nc3 d6 3. Nge2 Nf6 4. g3 g6 5. Bg2 Bg7 6. 0-0 Nc6 7. Nd5 0-0 8. c3 e6 9. Nxf6+ Qxf6 10. d3 Rb8 11. Be3 Qd8 12. d4 cxd4 13. Nxd4 a6 14. h3 Qc7 15. Qd2 Bd7 16. Kh2 Rfd8 17. Rad1 Be8 18. Bg5 Rd7 19. h4 Nxd4 20. cxd4 Qb6 21. b3 Rc8 22. d5 Rdc7 23. Be3 Qb5 24. dxe6 fxe6 25. Qxd6 Rc6 26. Qe7 Bf8 27. Qg5 Rc2 28. Bh3 Bf7 29. Qxb5 axb5 30. Rd7 Rxa2 31. Rxb7 Rc3 32. Kg1 Rxb3 33. Rb8 Rba3 34. Rc1 Rxe3 35. fxe3 b4 36. Rcc8 e5 37. Rxf8+ Kg7 38. Rxf7+ 1-0

[Event "Mikkeli We MikkSK MikkSK 70"]
[Site "Mikkeli"]
[Date "2014.??.??"]
[Round "5"]
[White "Aijala, Jouko"]
[Black "Eloranta, Kari"]
[Result "0-1"]
[WhiteElo "2088"]
[BlackElo "2043"]
[PlyCount "86"]
[EventDate "2014.??.??"]
[EventType "swiss"]
[EventRounds "5"]
[EventCountry "FIN"]
[SourceTitle "EXT 2022"]
[Source "ChessBase"]
[SourceDate "2021.10.06"]
[SourceVersion "1"]
[SourceVersionDate "2021.10.06"]
[SourceQuality "1"]

1. e4 c5 2. Nf3 Nc6 3. Nc3 e6 4. d4 cxd4 5. Nxd4 Qc7 6. g3 a6 7. Bg2 h5 8. h3 h4 9. g4 Bc5 10. Nb3 Bd6 11. Qe2 Nge7 12. Be3 0-0 13. Qd2 Ng6 14. 0-0-0 Bf4 15. Ne2 Bxe3 16. Qxe3 b5 17. f4 Bb7 18. Rd2 d6 19. Kb1 Rfd8 20. Ned4 Nxd4 21. Nxd4 e5 22. Ne2 d5 23. f5 Nf4 24. Nxf4 exf4 25. Qe1 dxe4 26. Rxd8+ Rxd8 27. f6 f3 28. Bf1 Qd6 29. c4 Qxf6 30. cxb5 axb5 31. Bxb5 Qg5 32. Qb4 e3 33. Re1 e2 34. Bxe2 fxe2 35. Rxe2 Qg6+ 36. Kc1 Qc6+ 37. Qc3 Qxc3+ 38. bxc3 Rd3 39. Re8+ Kh7 40. Re7 Bd5 41. Re5 Bg2 42. Rh5+ Kg6 43. Rxh4 Rxc3+ 0-1

[Event "Helsinki We ESK Group M"]
[Site "Helsinki"]
[Date "2013.12.07"]
[Round "5"]
[White "Aijala, Jouko"]
[Black "Joentakanen, Kullervo"]
[Result "1/2-1/2"]
[WhiteElo "2130"]
[BlackElo "2015"]
[PlyCount "99"]
[EventDate "2013.12.05"]
[EventType "tourn"]
[EventRounds "7"]
[EventCountry "FIN"]
[SourceTitle "EXT 2022"]
[Source "ChessBase"]
[SourceDate "2021.10.06"]
[SourceVersion "1"]
[SourceVersionDate "2021.10.06"]
[SourceQuality "1"]

1. e4 c6 2. d4 d5 3. Nd2 dxe4 4. Nxe4 Bf5 5. Ng3 Bg6 6. h4 h6 7. Nf3 Nd7 8. h5 Bh7 9. Bd3 Bxd3 10. Qxd3 e6 11. Bd2 Ngf6 12. 0-0-0 Qc7 13. Kb1 0-0-0 14. c4 Bd6 15. Ne4 Nxe4 16. Qxe4 Nf6 17. Qe2 c5 18. Bc3 Rhe8 19. a3 cxd4 20. Bxd4 Bc5 21. Bxc5 Qxc5 22. Ne5 Nd7 23. Nxd7 Rxd7 24. Rxd7 Kxd7 25. Rd1+ Ke7 26. Qd2 Qxh5 27. Qd6+ Kf6 28. Rd3 Qh1+ 29. Ka2 Qxg2 30. Qf4+ Ke7 31. Rg3 Qc6 32. Rxg7 Rf8 33. Rh7 Qd6 34. Qh4+ Ke8 35. Rxh6 Qd3 36. Qf4 Kd7 37. Rh4 Kc8 38. Qf6 Qd8 39. Qg7 Qe7 40. Rf4 a6 41. Qc3 Kb8 42. c5 Rc8 43. b4 e5 44. Re4 f6 45. Kb2 Qe6 46. Qe3 Qd5 47. f4 Rd8 48. Qe2 exf4 49. Rxf4 f5 50. Rf2 1/2-1/2

[Event "Helsinki We ESK Group M"]
[Site "Helsinki"]
[Date "2013.12.05"]
[Round "1"]
[White "Aijala, Jouko"]
[Black "Sammalvuo, Tapani"]
[Result "0-1"]
[WhiteElo "2130"]
[BlackElo "2461"]
[PlyCount "76"]
[EventDate "2013.12.05"]
[EventType "tourn"]
[EventRounds "7"]
[EventCountry "FIN"]
[SourceTitle "EXT 2022"]
[Source "ChessBase"]
[SourceDate "2021.10.06"]
[SourceVersion "1"]
[SourceVersionDate "2021.10.06"]
[SourceQuality "1"]

1. c4 Nf6 2. Nc3 e5 3. Nf3 Nc6 4. g3 Bb4 5. Nd5 Bc5 6. Bg2 d6 7. 0-0 0-0 8. a3 a6 9. b4 Ba7 10. Bb2 Be6 11. Ne1 Bg4 12. Kh1 Nd4 13. f3 Bf5 14. e3 Nc6 15. Nxf6+ Qxf6 16. f4 Qe6 17. Bd5 Qd7 18. b5 axb5 19. cxb5 Ne7 20. Bc4 Be4+ 21. Kg1 d5 22. Be2 exf4 23. Rxf4 Ng6 24. Rf1 d4 25. d3 Bf5 26. e4 Bh3 27. Rf2 Qxb5 28. Rb1 Qd7 29. Nf3 h6 30. Qb3 Bc5 31. Qc4 b6 32. Bd1 Be6 33. Qc1 f5 34. e5 f4 35. Qc2 fxg3 36. hxg3 Bd5 37. Nxd4 Qh3 38. Rg2 Ra4 0-1

[Event "Heart of Finland op 23rd"]
[Site "Jyvaskyla"]
[Date "2013.07.11"]
[Round "6"]
[White "Aijala, Jouko"]
[Black "Ebeling, Daniel"]
[Result "0-1"]
[WhiteElo "2087"]
[BlackElo "2379"]
[PlyCount "66"]
[EventDate "2013.07.08"]
[EventType "swiss"]
[EventRounds "9"]
[EventCountry "FIN"]
[SourceTitle "EXT 2022"]
[Source "ChessBase"]
[SourceDate "2021.10.06"]
[SourceVersion "1"]
[SourceVersionDate "2021.10.06"]
[SourceQuality "1"]

1. d4 Nf6 2. c4 e6 3. Nc3 Bb4 4. Qc2 0-0 5. a3 Bxc3+ 6. Qxc3 b6 7. e3 c5 8. Nf3 Bb7 9. Bd3 cxd4 10. exd4 d5 11. 0-0 dxc4 12. Bxc4 Nbd7 13. Bg5 Ne4 14. Qe3 Nxg5 15. Nxg5 Re8 16. Rad1 Nf6 17. Rfe1 Rc8 18. Bd3 h6 19. Nf3 Qd5 20. Qd2 Red8 21. Re5 Qd6 22. h3 Bxf3 23. gxf3 Kf8 24. Ba6 Rc7 25. f4 Nd5 26. f5 exf5 27. Bd3 Ne7 28. Qe2 Nc6 29. Re3 Nxd4 30. Qf1 f4 31. Re4 f5 32. Rxd4 Qxd4 33. Be2 Qf6 0-1

[Event "FIN-ch Seniors"]
[Site "Mantta"]
[Date "2013.06.15"]
[Round "5.1"]
[White "Aijala, Jouko"]
[Black "Hurme, Harri M"]
[Result "0-1"]
[WhiteElo "2130"]
[BlackElo "2168"]
[PlyCount "116"]
[EventDate "2013.06.13"]
[EventType "swiss"]
[EventRounds "7"]
[EventCountry "FIN"]
[SourceTitle "EXT 2022"]
[Source "ChessBase"]
[SourceDate "2021.10.06"]
[SourceVersion "1"]
[SourceVersionDate "2021.10.06"]
[SourceQuality "1"]

1. d4 Nf6 2. c4 e6 3. Nc3 Bb4 4. Qc2 c5 5. dxc5 Na6 6. e3 Nxc5 7. Bd2 0-0 8. f3 d5 9. a3 Bxc3 10. Bxc3 b6 11. b4 Ncd7 12. Nh3 Qc7 13. Kf2 Ba6 14. Rc1 Rac8 15. c5 Bxf1 16. Rhxf1 bxc5 17. bxc5 Qxc5 18. Qd2 Qb5 19. Rb1 Qa6 20. Nf4 Rc4 21. Bb4 Rfc8 22. Rb2 Qa4 23. Ne2 Rc2 24. Rxc2 Rxc2 25. Qd1 Qb3 26. Qd4 Nb6 27. Re1 Qc4 28. Kf1 h6 29. Qxc4 Nxc4 30. Nd4 Ra2 31. Nb5 a6 32. Nc3 Rc2 33. Na4 a5 34. Be7 Nd7 35. Re2 Nde5 36. Bd8 Nc6 37. Bb6 Nxa3 38. Rxc2 Nxc2 39. Ke2 Na3 40. Kd3 Nc4 41. Bc7 f6 42. e4 N4e5+ 43. Kd2 Kf7 44. exd5 exd5 45. f4 Nd7 46. Nc3 d4 47. Nb5 Ke6 48. g4 Kd5 49. h4 Nc5 50. Bb6 a4 51. Na3 Ne4+ 52. Ke2 g6 53. Kf3 h5 54. gxh5 gxh5 55. Bc7 Nd6 56. Bxd6 Kxd6 57. Ke4 Kc5 58. Nb1 Kb4 0-1

[Event "FIN-ch Seniors"]
[Site "Mantta"]
[Date "2013.06.14"]
[Round "4.1"]
[White "Aijala, Jouko"]
[Black "Keto, Hannu"]
[Result "1/2-1/2"]
[WhiteElo "2130"]
[BlackElo "2088"]
[PlyCount "51"]
[EventDate "2013.06.13"]
[EventType "swiss"]
[EventRounds "7"]
[EventCountry "FIN"]
[SourceTitle "EXT 2022"]
[Source "ChessBase"]
[SourceDate "2021.10.06"]
[SourceVersion "1"]
[SourceVersionDate "2021.10.06"]
[SourceQuality "1"]

1. e4 e6 2. d4 d5 3. Nc3 Nf6 4. Bg5 Bb4 5. e5 h6 6. Bd2 Bxc3 7. bxc3 Ne4 8. Qg4 g6 9. Bd3 Nxd2 10. Kxd2 c5 11. dxc5 Qa5 12. Qb4 Qc7 13. f4 Nd7 14. Nf3 Qxc5 15. Nd4 Qxb4 16. cxb4 Nb6 17. Nb5 Ke7 18. Nd6 Rb8 19. g4 Bd7 20. c4 Nxc4+ 21. Bxc4 dxc4 22. Nxc4 Bc6 23. Rhc1 Rbd8+ 24. Nd6 f6 25. Ke2 Rhf8 26. b5 1/2-1/2

[Event "Espoo We MatSK A"]
[Site "Espoo"]
[Date "2013.02.23"]
[Round "2"]
[White "Ebeling, Daniel"]
[Black "Aijala, Jouko"]
[Result "1-0"]
[WhiteElo "2352"]
[BlackElo "2130"]
[PlyCount "91"]
[EventDate "2013.02.22"]
[EventType "swiss"]
[EventRounds "5"]
[EventCountry "FIN"]
[SourceTitle "EXT 2022"]
[Source "ChessBase"]
[SourceDate "2021.10.06"]
[SourceVersion "1"]
[SourceVersionDate "2021.10.06"]
[SourceQuality "1"]

1. e4 c5 2. c3 d5 3. exd5 Qxd5 4. d4 g6 5. Nf3 Bg7 6. Na3 cxd4 7. Bc4 Qe4+ 8. Be3 Nh6 9. cxd4 0-0 10. 0-0 Bg4 11. Bxh6 Bxh6 12. Re1 Qf4 13. Rxe7 Bxf3 14. Qxf3 Qxf3 15. gxf3 Nc6 16. Rxb7 Nxd4 17. Kg2 a5 18. Re1 Nf5 19. Rd1 Bf4 20. Rdd7 Nd6 21. Ra7 Rac8 22. Bb3 Rc5 23. h4 Rh5 24. Nc2 Rxh4 25. Rxa5 Nf5 26. Raa7 Nh6 27. Bd5 Bb8 28. Ra8 Rf4 29. Rb7 Be5 30. Rxf8+ Kxf8 31. b4 Rf6 32. a4 Nf5 33. a5 Ne7 34. Be4 Ra6 35. Ne3 Bc3 36. Bd3 Ra8 37. a6 Nc6 38. b5 Na5 39. Be4 Nxb7 40. Bxb7 Ra7 41. b6 Rxb7 42. axb7 Be5 43. Nd5 Bb8 44. Nb4 Ke8 45. Na6 Be5 46. Nc7+ 1-0

[Event "Jyvaskyla We JyS A"]
[Site "Jyvaskyla"]
[Date "2013.01.25"]
[Round "1"]
[White "Sassi, Pekka"]
[Black "Aijala, Jouko"]
[Result "1/2-1/2"]
[WhiteElo "2069"]
[BlackElo "2130"]
[PlyCount "109"]
[EventDate "2013.01.25"]
[EventType "swiss"]
[EventRounds "5"]
[EventCountry "FIN"]
[SourceTitle "EXT 2022"]
[Source "ChessBase"]
[SourceDate "2021.10.06"]
[SourceVersion "1"]
[SourceVersionDate "2021.10.06"]
[SourceQuality "1"]

1. c4 Nf6 2. g3 c5 3. Bg2 Nc6 4. Nc3 g6 5. Nf3 Bg7 6. 0-0 0-0 7. d4 cxd4 8. Nxd4 Nxd4 9. Qxd4 d6 10. Qd3 Rb8 11. Be3 a6 12. Ba7 Ra8 13. Bd4 e5 14. Be3 Bf5 15. Qd2 Qc7 16. b3 Be6 17. Rac1 Ng4 18. Nd5 Bxd5 19. Bxd5 Nxe3 20. Qxe3 Kh8 21. b4 Rae8 22. c5 Re7 23. Rfd1 dxc5 24. Rxc5 Qb8 25. Rdc1 f5 26. Qb3 e4 27. Be6 Qd6 28. Bd5 f4 29. Rc8 Rfe8 30. Bxb7 e3 31. Qa4 exf2+ 32. Kf1 Qe6 33. Rxe8+ Rxe8 34. Qxe8+ Qxe8 35. Rc8 Qxc8 36. Bxc8 fxg3 37. hxg3 Bc3 38. Kxf2 Bxb4 39. Bxa6 Kg7 40. Kf3 Kf6 41. Bc4 h6 42. Ke4 Ba3 43. Ba6 Kg5 44. Bc8 Kf6 45. Kd5 h5 46. Ke4 g5 47. Bd7 Bd6 48. g4 h4 49. Bc6 Ba3 50. Kd4 Ke6 51. Bg2 Kd6 52. Kc4 Ke5 53. e3 Bc1 54. Kd3 Ba3 55. Kc4 1/2-1/2